000
00290nam a22001337a 4500
008
170503b xxu||||| |||| 00| 0 eng d
020
_a
9780131707979
041
_a
eng
080
_2
3 ED
_a
343.9
100
_a
13
101
_a
SHJ
245
_a
CRIMINOLOGY
_c
BARKAN.S.E
942
_2
udc
_c
BK
999
_c
12511
_d
12511